Kaedah dan teknik pengajaran menurut Ibn Khaldun dan Al-Qabisi / (Record no. 2162)

000 -LEADER
fixed length control field nam a22 a 4500
003 - CONTROL NUMBER IDENTIFIER
control field AKMAL
005 - DATE AND TIME OF LATEST TRANSACTION
control field 20170515144058.0
008 - FIXED-LENGTH DATA ELEMENTS--GENERAL INFORMATION
fixed length control field 170515s1994 my a00 may d
020 ## - INTERNATIONAL STANDARD BOOK NUMBER
International Standard Book Number 9836243267 (kkt.):
Terms of availability RM 20.00
040 ## - CATALOGING SOURCE
Original cataloging agency AKMAL
Transcribing agency AKMAL
082 04 - DEWEY DECIMAL CLASSIFICATION NUMBER
Classification number 371.1 NIA
090 ## - LOCALLY ASSIGNED LC-TYPE CALL NUMBER (OCLC); LOCAL CALL NUMBER (RLIN)
Classification number (OCLC) (R) ; Classification number, CALL (RLIN) (NR) 371.1
Local cutter number (OCLC) ; Book number/undivided call number, CALL (RLIN) NIA
100 1# - MAIN ENTRY--PERSONAL NAME
Personal name Niami, Abd Allah al-Amin
9 (RLIN) 4532
245 #1 - TITLE STATEMENT
Title Kaedah dan teknik pengajaran menurut Ibn Khaldun dan Al-Qabisi /
Statement of responsibility, etc. Abdullah Al-Amin Al-Na'miy ; penterjemah Mohd. Ramzi Omar
260 ## - PUBLICATION, DISTRIBUTION, ETC.
Place of publication, distribution, etc. Kuala Lumpur :
Name of publisher, distributor, etc. Dewan Bahasa dan Pustaka,
Date of publication, distribution, etc. 1994
300 ## - PHYSICAL DESCRIPTION
Extent xx, 309ms. ;
Dimensions 22cm
500 ## - GENERAL NOTE
General note Mengandungi indeks
500 ## - GENERAL NOTE
General note Terjemahan dari : al-Manahij wa turuq al-ta'lim 'inda wa Ibn Khaldun.- Misurata, Libya ; Jamahiriya House, [19--]
500 ## - GENERAL NOTE
General note Mengandungi ayat-ayat dari al-Quran
504 ## - BIBLIOGRAPHY, ETC. NOTE
Bibliography, etc. note Bibliografi: ms. [297]-303
650 ## - SUBJECT ADDED ENTRY--TOPICAL TERM
Topical term or geographic name entry element Teaching
9 (RLIN) 4533
650 ## - SUBJECT ADDED ENTRY--TOPICAL TERM
Topical term or geographic name entry element Teaching
General subdivision Religious aspects
-- Islam
9 (RLIN) 4534
700 1# - ADDED ENTRY--PERSONAL NAME
Personal name Ibn Khaldun, 'Abd al-Rahman ibn Muhammad,
Dates associated with a name 1332-1406
9 (RLIN) 4535
700 1# - ADDED ENTRY--PERSONAL NAME
Personal name Qabisi, Ali ibn Muhammad,
Dates associated with a name 936-1012
9 (RLIN) 4536
700 0# - ADDED ENTRY--PERSONAL NAME
Personal name Mohd. Ramzi Omar
9 (RLIN) 4537
942 ## - ADDED ENTRY ELEMENTS (KOHA)
Source of classification or shelving scheme
Koha item type Book
Holdings
Withdrawn status Lost status Source of classification or shelving scheme Damaged status Not for loan Collection code Home library Current library Shelving location Date acquired Inventory number Total Checkouts Full call number Barcode Date last seen Price effective from Koha item type
          NON-FICTION AKMAL Melaka AKMAL Melaka PINJAMAN 15.05.2017 302290   371.1 NIA 201706610 15.05.2017 15.05.2017 Book
Pusat Sumber Maklumat Dato' Haji Sarmin Md Hussin, Akademi Kastam Diraja Malaysia, Melaka
Tel: 06-2331106 | Faks: 06-2313787